00665nam a22002057a 450000500170000001000150001702000260003203500130005803500170007103700130008803700170010108200130011810000200013124500930015126000310024427000760027530000310035149000270038250000500040920140116150200.0 aENG-105332 a9780415523011c995.00 aEN-88865 aB-512582-590 bDBAD/PUB bBSB/Venadpl a745.0954 aChatterji, Roma aSpeaking with pictures :cby Roma Chatterjibfolk art and narrative tradition in India / aNew DelhibRoutledgec2012 a912 Tolstoy House,15-17 Tolstoy Marg,Cannaught PlacebNew Delhie110001 axxvi,299p.c22cm (Hb)bill aCritical asian studies aIncludes bibliographical references and index